A soma dos dias (Record no. 45406)

MARC details
000 -Etiqueta do registo
Valores 00681nam a2200241 4500
010 ## - Número ISBN
ISBN 9789722908771
021 ## - Número do Depósito Legal
Número 264514/07
100 ## - Dados gerais de processamento
Dados gerais 20090616d2007 em y0pory5003 ba
101 1# - Língua de publicação
Língua por
102 ## - País de publicação
País PT
200 1# - Titulo e menção de responsabilidade
Título próprio A soma dos dias
Primeira menção de responsabilidade Isabel Allende
Outras menções de responsabilidade trad. Isabel Pedrome
-- rev. Manuela Ramos
210 #9 - Publicação
Local de publicação Algés,
Nome do editor Difel,
Data de publicação 2007
215 ## - Descrição física 
Paginação / Volumes 358, [1] p.
Dimensões 23 cm
225 2# - Colecção 
Título próprio da colecção Literatura estrangeira
304 ## - Nota relativa ao título
Texto de nota Tít. orig.: La suma de los dias
675 ## - CDU
Notação 821.134.2(83)-31"19/20"
Edição BN
Língua por
700 #1 - Autor principal
Apelido Allende,
Nome Isabel,
Datas 1942-
702 #1 - Autor secundário
Apelido Pedrome,
Nome Isabel
Função 730
702 #1 - Autor secundário
Apelido Ramos,
Nome Manuela
Função 675
801 #0 - Fonte de origem
País PT
Agência BN
Regras de catalogação RPC
990 ## - Elementos KOHA
Tipo de documento Livro
Holdings
Aquisição Empréstimo Código de barras Cota Permissão de empréstimo Tipo de documento
Biblioteca Escolar Doutor Hernâni Cidade Biblioteca Escolar Doutor Hernâni Cidade 81663 82-31 ALL ROMANCE   Livro

Powered by Koha